| 000 | 00000nam 2200000zi 4500 |
| 001 | 9.940867 |
| 003 | CaOODSP |
| 005 | 20240820082311 |
| 006 | m o d f |
| 007 | cr gn||||||||| |
| 008 | 210406s1976## onc|||| o f000 0|fre d |
| 040 | |aCaOODSP|bfre|erda|cCaOODSP |
| 043 | |an-cn---|an-cn-bc |
| 086 | 1 |aRE24-61/1976F-PDF |
| 245 | 00|aEntente auxiliaire, Canada/Colombie-Britannique, les routes des terres septentrionales, 1975-1976, 12 février 1976. |
| 246 | 33|aCanada-Colombie-Britannique, entente sur les routes des terres septentrionales de la Colombie-Britannique, 1975-1976 |
| 264 | 1|a[Ottawa] : |bExpansion économique régionale = Regional Economic Expansion, |c[1976] |
| 300 | |a1 ressource en ligne (12 pages) |
| 336 | |atexte|btxt|2rdacontent/fre |
| 337 | |ainformatique|bc|2rdamedia/fre |
| 338 | |aressource en ligne|bcr|2rdacarrier/fre |
| 500 | |aTitre de la couverture. |
| 500 | |aÉdition numérisée de l'imprimé [par Innovation, sciences et développement économique Canada]. |
| 500 | |aPublié aussi en anglais sous le titre : Subsidiary agreement, Canada/British Columbia, 1975-76 Western Northlands Highways, February 12, 1976. |
| 520 | |a« Le but de la présente entente est de permettre au Canada et à la Province de financer conjointement des travaux d'amélioration de certaines installations de transport, dans le nord de la Colombie-Britannique, au cours de l'exercice financier 1975-1976 » -- Buts et objectifs, page 3. |
| 650 | 6|aAide au développement économique régional|zColombie-Britannique (Nord). |
| 650 | 6|aRoutes|zColombie-Britannique (Nord)|xFinances. |
| 710 | 1 |aCanada. |bMinistère de l'expansion économique régionale, |eorganisme de publication. |
| 775 | 08|tSubsidiary agreement, Canada/British Columbia, 1975-76 Western Northlands Highways, February 12, 1976.|w(CaOODSP)9.898309 |
| 856 | 40|qPDF|s457 Ko|uhttps://publications.gc.ca/collections/collection_2024/isde-ised/re24/RE24-61-1976-fra.pdf |